000 01045nam a2200265Ia 4500
001 18363
003 GE_BSU
008 181216s||||||||xx |||||||||||||| ||und||
020 _a9789941143595
040 _cGE_BSU
080 _a330.1(075.8)
100 _aვანიშვილი, მერაბ. შანავა,ზვიად
245 _aეკონომიკის საფუძვლები
245 _bმიკროეკონომიკა-მაკროეკონომიკა:სახელმძღვანელო
245 _cმეცნ-რედ. კ. ღურცკაია
260 _aთბილისი
260 _bსაზოგადოება ცოდნა
260 _c2010
300 _a826გვ.20სმ.
300 _eბიბლ.გვ.818-821
541 _h15ლ.
653 _aეკონომიკის საფუძვლები
653 _aმიკროეკონომიკა-მაკროეკონომიკა
942 _cBK
999 _c51379
_d51379